| 000 | 00533nam a2200169Ia 4500 | ||
|---|---|---|---|
| 008 | 240428s9999||||xx |||||||||||||| ||und|| | ||
| 041 | _afre | ||
| 082 | _a305.235N | ||
| 100 | _aNabila, John S. - Fayorsey, Clara | ||
| 245 | 0 | _aAdolescent fertility and reproductive behaviour in Ghana | |
| 250 | _a(FADEP Technical series) | ||
| 260 |
_bFamily and Development Prog. _aAccra _c1996 |
||
| 300 | _axxii,121p.:diags. graphs, tab. | ||
| 650 | _aAdolescent Fertility - Ghana - Reproductive Behaviour - Ghana | ||
| 942 | _cBK | ||
| 999 |
_c69 _d69 |
||